000 00387cam a2200145ua 4500
003 OSt
008 240115b |||||||| |||| 00| 0 eng d
041 _amal
082 _a894.8121
_bNAR/KE
100 _aNarayanan Nair, Palai .
_95742
245 _aKeralam Valarunnu, part 2 /
260 _aKottayam :
_bSahitya Pravarthaka Co-operative Society ,
_c1959.
300 _a71 ; .
942 _cBK
999 _c864
_d864